Biggest U.S. Cities Containing Q, X, Y or Z - Statistics

General Stats
  • This quiz has been taken 249 times
    206 since last reset
  • The average score is 21 of 45
Answer Stats
# Population State Description U.S. City % Correct
1. 1,626,078 Arizona Capital of Arizona Phoenix
100%
1. 8,622,698 New York Empire State Building New York
93%
1. 558,545 New Mexico Breaking Bad Albuquerque
90%
2. 321,959 Kentucky Horse Capital of the World Lexington
90%
5. 176,888 South Dakota Largest in state Sioux Falls
87%
2. 270,753 New Jersey Wall Street West Jersey City
81%
6. 202,019 New York To the north of the Bronx Yonkers
80%
3. 265,904 Indiana Second largest in Indiana Fort Wayne
79%
4. 187,347 Tennessee Gateway to the Great Smoky Mountains Knoxville
79%
7. 199,518 Alabama Rosa Parks bus boycott Montgomery
79%
7. 82,514 Iowa Fourth largest in Iowa Sioux City
79%
1. 130,215 New Jersey Name of the English Queen Elizabeth
78%
3. 94,166 Massachusetts "City of Presidents" Quincy
75%
6. 40,303 Illinois "Gem City" Quincy
75%
2. 75,807 Michigan "K-Zoo" Kalamazoo
73%
10. 48,558 Texas State + City Texas City
66%
6. 160,035 Virginia Close to Washington, D.C. Alexandria
65%
Bonus 67,762 Texas / Arkansas Which city is located in Texas and Arkansas? Texarkana
63%
4. 209,889 North Carolina Fort Bragg Fayetteville
60%
5. 46,956 Montana Montana State University (MSU) Bozeman
50%
9. 165,904 North Carolina One of the safest places to live in the US Cary
49%
4. 58,276 Iowa "Masterpiece on the Mississippi" Dubuque
48%
Bonus 32,795 South Carolina Coastal city, center of the Grand Strand Myrtle Beach
48%
3. 65,021 California Spanish for "holy cross" Santa Cruz
48%
3. 210,037 California Located along the coast of Southern California Oxnard
47%
2. 143,949 Texas Eastern suburb of Dallas Mesquite
42%
Bonus 5,948 New Mexico What's the full name of "T or C"? Truth or Consequences
39%
Bonus 19,903 Illinois City with the same name as a Swiss lake Lake Zurich
38%
8. 181,330 Texas Part of the Metroplex McKinney
32%
9. 50,451 North Carolina Suburb of Raleigh Apex
24%
10. 160,500 California Bay Area, San Mateo Bridge Hayward
21%
8. 53,553 Kansas Part of the Kansas City Metropolitan Area Lenexa
21%
5. 207,226 California Young city Moreno Valley
20%
7. 39,184 Arizona Maricopa and Pinal County Queen Creek
17%
10. 30,023 Kentucky Close to Louisville and Fort Knox Elizabethtown
14%
BONUS 0 California Unincorporated community at Interstate I-15 between Los Angeles and Las Vegas, biggest city only containing these letters Zzyzx
14%
8. 37,487 Washington Seattle suburb Issaquah
13%
5. 41,304 California Resort city in Riverside County La Quinta
11%
9. 38,373 California County seat of Contra Costa County Martinez
9%
4. 49,864 California In the San Gabriel Valley, located along Route 66 Azusa
8%
8. 39,315 Oregon Willamette Valley Keizer
7%
6. 40,092 Texas Major suburb of San Antonio Schertz
7%
9 31,017 Illinois "The Gem of the Fox River Valley" Algonquin
5%
10. 27,906 North Carolina Research Triangle Park Fuquay-Varina
4%
7. 39,414 Missouri Crossroads of the Nation Wentzville
4%
No matching quizzes found
Score Distribution
Percent of People with Each Score
Percentile by Number Answered
Your Score History
You have not taken this quiz since the last reset